|
|
|
|
| LEADER |
00000nas a2200000 i 4500 |
| 001 |
ssj0001507120 |
| 003 |
WaSeSS |
| 005 |
20200512172242.0 |
| 006 |
m d |
| 007 |
cr n |
| 008 |
150506c20uu9999lv fr p|s|||||| |0eng d |
| 022 |
|
|
|y 1691-2721
|
| 035 |
|
|
|a (WaSeSS)ssj0001507120
|
| 040 |
|
|
|a WaSeSS
|b eng
|c WaSeSS
|d WaSeSS
|
| 050 |
|
4 |
|a ML1
|
| 245 |
0 |
0 |
|a Problems in music pedagogy
|h [electronic resource].
|
| 260 |
|
|
|a Daugavpils, Latvia :
|b Daugavpils University
|
| 310 |
|
|
|a Semiannual
|
| 506 |
|
|
|a License restrictions may limit access.
|
| 588 |
|
|
|a Description based on: Volume 13 (1) (2014); title from article pdf (ProQuest, viewed May 6, 2015).
|
| 588 |
|
|
|a Latest issue consulted: Volume 13 (2) (2014) (viewed May 6, 2015).
|
| 650 |
|
0 |
|a Music
|x Instruction and study
|v Periodicals.
|
| 650 |
|
0 |
|a Pedagogy (Music)
|v Periodicals.
|
| 655 |
|
0 |
|a Electronic journals.
|
| 776 |
0 |
8 |
|i Print version:
|t Problems in music pedagogy
|x 1691-2721
|
| 856 |
4 |
0 |
|z Full text available from Research Library: 01/01/2014 to 07/31/2017
|u https://search.proquest.com/publication/2035673
|